The Visual Story Creating the Visual Structure of Film, TV and Digital Media) (Record no. 3010)

000 -LEADER
fixed length control field 00403ngm a2200145Ia 4500
008 - FIXED-LENGTH DATA ELEMENTS--GENERAL INFORMATION
fixed length control field 180904s9999||||xx ||| | || ||und||
020 ## - INTERNATIONAL STANDARD BOOK NUMBER
International Standard Book Number 9780240807799
082 ## - DEWEY DECIMAL CLASSIFICATION NUMBER
Classification number 791.430232
Item number BLO/T
100 ## - MAIN ENTRY--PERSONAL NAME
Personal name Block, Bruce
245 #4 - TITLE STATEMENT
Title The Visual Story Creating the Visual Structure of Film, TV and Digital Media)
250 ## - EDITION STATEMENT
Edition statement 2nd Edition
260 ## - PUBLICATION, DISTRIBUTION, ETC.
Place of publication, distribution, etc. UK
Name of publisher, distributor, etc. Elsevier inc
Date of publication, distribution, etc. 2008
300 ## - PHYSICAL DESCRIPTION
Extent 295p
942 ## - ADDED ENTRY ELEMENTS (KOHA)
Koha item type DVD Library
Holdings
Withdrawn status Lost status Damaged status Not for loan Collection code Permanent Location Current Location Date acquired Cost, normal purchase price Barcode Date last seen Price effective from Koha item type
        School of Animation (Noida) MUIT-NOIDA MUIT-NOIDA 2018-09-04 900.00 DVD00042 2018-09-04 2018-09-04 DVD Library

All Rights Reserved@MUIT

Powered by Koha